[Event "Saarland-ch B 89th"]
[Site "Stennweiler"]
[Date "2014.04.19"]
[Round "9"]
[White "Zeybekoglu, Cemil"]
[Black "Ziegler, Karl Heinz"]
[Result "1/2-1/2"]
[WhiteElo "1569"]
[BlackElo "1569"]
[PlyCount "82"]
[EventDate "2014.04.11"]
[EventType "swiss"]
[EventRounds "9"]
[EventCountry "GER"]
[SourceTitle "EXT 2016"]
[Source "ChessBase"]
[SourceDate "2015.10.08"]
[SourceVersion "1"]
[SourceVersionDate "2015.10.08"]
[SourceQuality "1"]

1. e4 e6 2. Nf3 d5 3. exd5 exd5 4. d4 Nf6 5. Bd3 Bd6 6. 0-0 0-0 7. Bg5 Bg4 8. h3 Bh5 9. Nbd2 Nbd7 10. c3 c6 11. Qc2 Qc7 12. Rfe1 Rfe8 13. Bf5 Bg6 14. Bxg6 hxg6 15. Re3 Bf4 16. Bxf4 Qxf4 17. Rae1 Rxe3 18. fxe3 Qf5 19. Qb3 b6 20. Qa4 b5 21. Qa6 Nb6 22. Qa3 Ne4 23. Nxe4 Qxe4 24. b3 f6 25. Qb2 Re8 26. Nh2 a5 27. Ng4 Kf7 28. Qf2 Nd7 29. Qd2 f5 30. Nf2 Qe7 31. Qd3 Nb6 32. Qd2 Nd7 33. Nd3 Qe4 34. Nf2 Qe7 35. Nd3 Qe4 36. Re2 Qe7 37. Ne1 Nf6 38. Nd3 Nd7 39. Kf2 Qe4 40. Kg1 Qe7 41. Nb2 Nb6 1/2-1/2

[Event "Saarland-ch B 89th"]
[Site "Stennweiler"]
[Date "2014.04.11"]
[Round "1"]
[White "Zeybekoglu, Cemil"]
[Black "Scheuer, Thorsten"]
[Result "0-1"]
[WhiteElo "1569"]
[BlackElo "1425"]
[PlyCount "42"]
[EventDate "2014.04.11"]
[EventType "swiss"]
[EventRounds "9"]
[EventCountry "GER"]
[SourceTitle "EXT 2016"]
[Source "ChessBase"]
[SourceDate "2015.10.08"]
[SourceVersion "1"]
[SourceVersionDate "2015.10.08"]
[SourceQuality "1"]

1. e4 e6 2. d4 d5 3. Bd3 c5 4. c3 Nc6 5. Nf3 Qb6 6. exd5 exd5 7. dxc5 Bxc5 8. 0-0 Nf6 9. Qe2+ Be6 10. Bf5 Nd8 11. Bg5 Kf8 12. Bxe6 Nxe6 13. Bxf6 gxf6 14. Qd2 Rd8 15. Qh6+ Ke7 16. b4 Bd6 17. Nh4 Be5 18. Kh1 Qc7 19. Qe3 Qc4 20. Nf5+ Kd7 21. Qxa7 Qxf1# 0-1